[Event "Otvoreno prvenstvo Paraæina za 2012. god"]
[Site "DCK - Paraæin"]
[Date "2012.01.21"]
[Round "2.1"]
[White "Zlatanovic, Boroljub"]
[Black "Radovic, Luka"]
[Result "1-0"]
[WhiteElo "2434"]
[BlackElo "1969"]
[PlyCount "53"]
[EventDate "2012.01.20"]

1. c4 {[%emt 0:00:00]} Nf6 {[%emt 0:00:00]} 2. Nc3 {[%emt 0:00:00]} d5 {[%emt
0:00:00]} 3. cxd5 {[%emt 0:00:00]} Nxd5 {[%emt 0:00:00]} 4. Nf3 {[%emt 0:00:00]
} g6 {[%emt 0:00:00]} 5. e4 {[%emt 0:00:00]} Nxc3 {[%emt 0:00:00]} 6. dxc3 {
[%emt 0:00:00]} Qxd1+ {[%emt 0:00:00]} 7. Kxd1 {[%emt 0:00:00]} Nd7 {[%emt 0:
00:00]} 8. Bc4 {[%emt 0:00:00]} Bg7 {[%emt 0:00:00]} 9. Bf4 {[%emt 0:00:00]} e5
{[%emt 0:00:00]} 10. Be3 {[%emt 0:00:00]} Nb6 {[%emt 0:00:00]} 11. Bb3 {[%emt
0:00:00]} Bd7 {[%emt 0:00:00]} 12. Ng5 {[%emt 0:00:00]} h6 {[%emt 0:00:00]} 13.
Nf3 {[%emt 0:00:00]} O-O-O {[%emt 0:00:00]} 14. Kc2 {[%emt 0:00:00]} f5 {[%emt
0:00:00]} 15. Nd2 {[%emt 0:00:00]} Rh7 {[%emt 0:00:00]} 16. Bf7 {[%emt 0:00:00]
} Be8 {[%emt 0:00:00]} 17. Bxe8 {[%emt 0:00:00]} Rxe8 {[%emt 0:00:00]} 18. a4 {
[%emt 0:00:00]} f4 {[%emt 0:00:00]} 19. a5 {[%emt 0:00:00]} fxe3 {[%emt 0:00:
00]} 20. axb6 {[%emt 0:00:00]} axb6 {[%emt 0:00:00]} 21. Nc4 {[%emt 0:00:00]}
exf2 {[%emt 0:00:00]} 22. Rhd1 {[%emt 0:00:00]} Kb8 {[%emt 0:00:00]} 23. Rd7 {
[%emt 0:00:00]} Rf8 {[%emt 0:00:00]} 24. Ne3 {[%emt 0:00:00]} f1=Q {[%emt 0:00:
00]} 25. Rxf1 {[%emt 0:00:00]} Rxf1 {[%emt 0:00:00]} 26. Nxf1 {[%emt 0:00:00]}
Kc8 {[%emt 0:00:00]} 27. Rf7 {[%emt 0:00:00]} 1-0

[Event "Otvoreno prvenstvo Paraæina za 2012. god"]
[Site "DCK - Paraæin"]
[Date "2012.01.21"]
[Round "2.2"]
[White "Stojanovic, Vladimir M"]
[Black "Novoselski, Zoran"]
[Result "0-1"]
[WhiteElo "1939"]
[BlackElo "2389"]
[PlyCount "72"]
[EventDate "2012.01.20"]

1. d4 {[%emt 0:00:00]} Nf6 {[%emt 0:00:00]} 2. c4 {[%emt 0:00:00]} g6 {[%emt 0:
00:00]} 3. Nc3 {[%emt 0:00:00]} d5 {[%emt 0:00:00]} 4. Nf3 {[%emt 0:00:00]} Bg7
{[%emt 0:00:00]} 5. Bf4 {[%emt 0:00:00]} O-O {[%emt 0:00:00]} 6. e3 {[%emt 0:
00:00]} c5 {[%emt 0:00:00]} 7. Qb3 {[%emt 0:00:00]} cxd4 {[%emt 0:00:00]} 8.
exd4 {[%emt 0:00:00]} dxc4 {[%emt 0:00:00]} 9. Bxc4 {[%emt 0:00:00]} Nc6 {
[%emt 0:00:00]} 10. Nb5 {[%emt 0:00:00]} Na5 {[%emt 0:00:00]} 11. Qb4 {[%emt 0:
00:00]} Nxc4 {[%emt 0:00:00]} 12. Qxc4 {[%emt 0:00:00]} Be6 {[%emt 0:00:00]}
13. Qe2 {[%emt 0:00:00]} Rc8 {[%emt 0:00:00]} 14. Na3 {[%emt 0:00:00]} Qa5+ {
[%emt 0:00:00]} 15. Bd2 {[%emt 0:00:00]} Qh5 {[%emt 0:00:00]} 16. Ne5 {[%emt 0:
00:00]} Qxe2+ {[%emt 0:00:00]} 17. Kxe2 {[%emt 0:00:00]} Rfd8 {[%emt 0:00:00]}
18. Be3 {[%emt 0:00:00]} Ng4 {[%emt 0:00:00]} 19. Nxg4 {[%emt 0:00:00]} Bxg4+ {
[%emt 0:00:00]} 20. f3 {[%emt 0:00:00]} Be6 {[%emt 0:00:00]} 21. Rhd1 {[%emt 0:
00:00]} b5 {[%emt 0:00:00]} 22. Rd2 {[%emt 0:00:00]} b4 {[%emt 0:00:00]} 23.
Nc2 {[%emt 0:00:00]} a5 {[%emt 0:00:00]} 24. g4 {[%emt 0:00:00]} Rd5 {[%emt 0:
00:00]} 25. Ne1 {[%emt 0:00:00]} Bd7 {[%emt 0:00:00]} 26. Rad1 {[%emt 0:00:00]}
h5 {[%emt 0:00:00]} 27. h3 {[%emt 0:00:00]} a4 {[%emt 0:00:00]} 28. Rc2 {[%emt
0:00:00]} b3 {[%emt 0:00:00]} 29. Rxc8+ {[%emt 0:00:00]} Bxc8 {[%emt 0:00:00]}
30. axb3 {[%emt 0:00:00]} axb3 {[%emt 0:00:00]} 31. Rc1 {[%emt 0:00:00]} Ba6+ {
[%emt 0:00:00]} 32. Kf2 {[%emt 0:00:00]} hxg4 {[%emt 0:00:00]} 33. hxg4 {[%emt
0:00:00]} Bxd4 {[%emt 0:00:00]} 34. Bxd4 {[%emt 0:00:00]} Rxd4 {[%emt 0:00:00]}
35. Ke3 {[%emt 0:00:00]} Rd6 {[%emt 0:00:00]} 36. Rc3 {[%emt 0:00:00]} Re6+ {
[%emt 0:00:00]} 0-1

[Event "Otvoreno prvenstvo Paraæina za 2012. god"]
[Site "DCK - Paraæin"]
[Date "2012.01.21"]
[Round "2.3"]
[White "Kojovic, Dragan"]
[Black "Radovanovic, Danko"]
[Result "1-0"]
[WhiteElo "2387"]
[BlackElo "1945"]
[PlyCount "75"]
[EventDate "2012.01.20"]

1. e4 {[%emt 0:00:00]} e5 {[%emt 0:00:00]} 2. Nf3 {[%emt 0:00:00]} Nf6 {[%emt
0:00:00]} 3. d4 {[%emt 0:00:00]} exd4 {[%emt 0:00:00]} 4. e5 {[%emt 0:00:00]}
Qe7 {[%emt 0:00:00]} 5. Be2 {[%emt 0:00:00]} Ne4 {[%emt 0:00:00]} 6. Qxd4 {
[%emt 0:00:00]} Qb4+ {[%emt 0:00:00]} 7. Nbd2 {[%emt 0:00:00]} Nxd2 {[%emt 0:
00:00]} 8. Bxd2 {[%emt 0:00:00]} Qxd4 {[%emt 0:00:00]} 9. Nxd4 {[%emt 0:00:00]}
a6 {[%emt 0:00:00]} 10. Bf4 {[%emt 0:00:00]} Nc6 {[%emt 0:00:00]} 11. Nxc6 {
[%emt 0:00:00]} dxc6 {[%emt 0:00:00]} 12. Bc4 {[%emt 0:00:00]} Bc5 {[%emt 0:00:
00]} 13. Bg3 {[%emt 0:00:00]} Bf5 {[%emt 0:00:00]} 14. O-O-O {[%emt 0:00:00]}
O-O {[%emt 0:00:00]} 15. Rhe1 {[%emt 0:00:00]} Rfe8 {[%emt 0:00:00]} 16. h3 {
[%emt 0:00:00]} Be6 {[%emt 0:00:00]} 17. Bxe6 {[%emt 0:00:00]} Rxe6 {[%emt 0:
00:00]} 18. Rd7 {[%emt 0:00:00]} Re7 {[%emt 0:00:00]} 19. Red1 {[%emt 0:00:00]}
Kf8 {[%emt 0:00:00]} 20. c3 {[%emt 0:00:00]} Ke8 {[%emt 0:00:00]} 21. R7d3 {
[%emt 0:00:00]} a5 {[%emt 0:00:00]} 22. Bh4 {[%emt 0:00:00]} f6 {[%emt 0:00:00]
} 23. exf6 {[%emt 0:00:00]} gxf6 {[%emt 0:00:00]} 24. Bxf6 {[%emt 0:00:00]} Re2
{[%emt 0:00:00]} 25. Bd4 {[%emt 0:00:00]} Bxd4 {[%emt 0:00:00]} 26. Rxd4 {
[%emt 0:00:00]} Rxf2 {[%emt 0:00:00]} 27. Rd7 {[%emt 0:00:00]} Rxg2 {[%emt 0:
00:00]} 28. Rxh7 {[%emt 0:00:00]} Ra7 {[%emt 0:00:00]} 29. Rxc7 {[%emt 0:00:00]
} a4 {[%emt 0:00:00]} 30. a3 {[%emt 0:00:00]} Rh2 {[%emt 0:00:00]} 31. Rd3 {
[%emt 0:00:00]} Rh1+ {[%emt 0:00:00]} 32. Kc2 {[%emt 0:00:00]} Rh2+ {[%emt 0:
00:00]} 33. Kb1 {[%emt 0:00:00]} Rh1+ {[%emt 0:00:00]} 34. Ka2 {[%emt 0:00:00]}
Rh2 {[%emt 0:00:00]} 35. Rh7 {[%emt 0:00:00]} Ra5 {[%emt 0:00:00]} 36. Rxb7 {
[%emt 0:00:00]} Rb5 {[%emt 0:00:00]} 37. Rxb5 {[%emt 0:00:00]} cxb5 {[%emt 0:
00:00]} 38. Rd5 {[%emt 0:00:00]} 1-0

[Event "Otvoreno prvenstvo Paraæina za 2012. god"]
[Site "DCK - Paraæin"]
[Date "2012.01.21"]
[Round "2.4"]
[White "Brankovic, Slavoljub"]
[Black "Brankovic, Dejan"]
[Result "0-1"]
[WhiteElo "1912"]
[BlackElo "2350"]
[PlyCount "55"]
[EventDate "2012.01.20"]

1. Nf3 {[%emt 0:00:00]} c5 {[%emt 0:00:00]} 2. c4 {[%emt 0:00:00]} Nc6 {[%emt
0:00:00]} 3. Nc3 {[%emt 0:00:00]} g6 {[%emt 0:00:00]} 4. d3 {[%emt 0:00:00]}
Bg7 {[%emt 0:00:00]} 5. g3 {[%emt 0:00:00]} Nf6 {[%emt 0:00:00]} 6. Bg2 {[%emt
0:00:00]} O-O {[%emt 0:00:00]} 7. O-O {[%emt 0:00:00]} d6 {[%emt 0:00:00]} 8.
Bg5 {[%emt 0:00:00]} h6 {[%emt 0:00:00]} 9. Be3 {[%emt 0:00:00]} Bd7 {[%emt 0:
00:00]} 10. Qd2 {[%emt 0:00:00]} Ng4 {[%emt 0:00:00]} 11. a3 {[%emt 0:00:00]}
Nxe3 {[%emt 0:00:00]} 12. Qxe3 {[%emt 0:00:00]} a6 {[%emt 0:00:00]} 13. h3 {
[%emt 0:00:00]} Rb8 {[%emt 0:00:00]} 14. Rac1 {[%emt 0:00:00]} b5 {[%emt 0:00:
00]} 15. cxb5 {[%emt 0:00:00]} axb5 {[%emt 0:00:00]} 16. Nd2 {[%emt 0:00:00]}
Re8 {[%emt 0:00:00]} 17. Nf3 {[%emt 0:00:00]} b4 {[%emt 0:00:00]} 18. axb4 {
[%emt 0:00:00]} Rxb4 {[%emt 0:00:00]} 19. Rb1 {[%emt 0:00:00]} Qb8 {[%emt 0:00:
00]} 20. Qc1 {[%emt 0:00:00]} Be6 {[%emt 0:00:00]} 21. Ng5 {[%emt 0:00:00]} Bd7
{[%emt 0:00:00]} 22. Nf3 {[%emt 0:00:00]} Rc8 {[%emt 0:00:00]} 23. Rd1 {[%emt
0:00:00]} Be8 {[%emt 0:00:00]} 24. Rd2 {[%emt 0:00:00]} Nd4 {[%emt 0:00:00]}
25. Rc2 {[%emt 0:00:00]} Nxc2 {[%emt 0:00:00]} 26. Qxc2 {[%emt 0:00:00]} Qb6 {
[%emt 0:00:00]} 27. Nd2 {[%emt 0:00:00]} Rb8 {[%emt 0:00:00]} 28. b3 {[%emt 0:
00:00]} 0-1

[Event "Otvoreno prvenstvo Paraæina za 2012. god"]
[Site "DCK - Paraæin"]
[Date "2012.01.21"]
[Round "2.6"]
[White "Gagic, Miroljub"]
[Black "Milosevic, Aleksandar"]
[Result "0-1"]
[WhiteElo "1883"]
[BlackElo "2276"]
[PlyCount "70"]
[EventDate "2012.01.20"]

1. c4 {[%emt 0:00:00]} g6 {[%emt 0:00:00]} 2. Nc3 {[%emt 0:00:00]} Bg7 {[%emt
0:00:00]} 3. g3 {[%emt 0:00:00]} e5 {[%emt 0:00:00]} 4. Bg2 {[%emt 0:00:00]} d6
{[%emt 0:00:00]} 5. e4 {[%emt 0:00:00]} Ne7 {[%emt 0:00:00]} 6. Nge2 {[%emt 0:
00:00]} O-O {[%emt 0:00:00]} 7. O-O {[%emt 0:00:00]} Be6 {[%emt 0:00:00]} 8. d3
{[%emt 0:00:00]} Qd7 {[%emt 0:00:00]} 9. Be3 {[%emt 0:00:00]} Bh3 {[%emt 0:00:
00]} 10. Qd2 {[%emt 0:00:00]} Bxg2 {[%emt 0:00:00]} 11. Kxg2 {[%emt 0:00:00]}
f5 {[%emt 0:00:00]} 12. d4 {[%emt 0:00:00]} exd4 {[%emt 0:00:00]} 13. Nxd4 {
[%emt 0:00:00]} Nbc6 {[%emt 0:00:00]} 14. f3 {[%emt 0:00:00]} Ne5 {[%emt 0:00:
00]} 15. b3 {[%emt 0:00:00]} Rf7 {[%emt 0:00:00]} 16. Rac1 {[%emt 0:00:00]}
Raf8 {[%emt 0:00:00]} 17. exf5 {[%emt 0:00:00]} Nxf5 {[%emt 0:00:00]} 18. Nxf5
{[%emt 0:00:00]} Rxf5 {[%emt 0:00:00]} 19. f4 {[%emt 0:00:00]} Ng4 {[%emt 0:00:
00]} 20. h3 {[%emt 0:00:00]} Bxc3 {[%emt 0:00:00]} 21. Rxc3 {[%emt 0:00:00]}
Qc6+ {[%emt 0:00:00]} 22. Kg1 {[%emt 0:00:00]} Nf6 {[%emt 0:00:00]} 23. Qg2 {
[%emt 0:00:00]} Ne4 {[%emt 0:00:00]} 24. Rc2 {[%emt 0:00:00]} R5f7 {[%emt 0:00:
00]} 25. Re2 {[%emt 0:00:00]} Re8 {[%emt 0:00:00]} 26. Bd4 {[%emt 0:00:00]}
Rfe7 {[%emt 0:00:00]} 27. Rfe1 {[%emt 0:00:00]} d5 {[%emt 0:00:00]} 28. Qf3 {
[%emt 0:00:00]} Qe6 {[%emt 0:00:00]} 29. Qg2 {[%emt 0:00:00]} c6 {[%emt 0:00:
00]} 30. cxd5 {[%emt 0:00:00]} cxd5 {[%emt 0:00:00]} 31. Rc1 {[%emt 0:00:00]}
Qa6 {[%emt 0:00:00]} 32. Rec2 {[%emt 0:00:00]} Qd3 {[%emt 0:00:00]} 33. Bxa7 {
[%emt 0:00:00]} Nxg3 {[%emt 0:00:00]} 34. Rd2 {[%emt 0:00:00]} Re1+ {[%emt 0:
00:00]} 35. Rxe1 {[%emt 0:00:00]} Rxe1+ {[%emt 0:00:00]} 0-1

[Event "Otvoreno prvenstvo Paraæina za 2012. god"]
[Site "DCK - Paraæin"]
[Date "2012.01.21"]
[Round "2.7"]
[White "Garic, Radomir"]
[Black "Nikolic, Milan"]
[Result "1-0"]
[WhiteElo "2274"]
[BlackElo "1865"]
[PlyCount "65"]
[EventDate "2012.01.20"]

1. e4 {[%emt 0:00:00]} d5 {[%emt 0:00:00]} 2. Nc3 {[%emt 0:00:00]} d4 {[%emt 0:
00:00]} 3. Nce2 {[%emt 0:00:00]} c5 {[%emt 0:00:00]} 4. Ng3 {[%emt 0:00:00]}
Nc6 {[%emt 0:00:00]} 5. Nf3 {[%emt 0:00:00]} e5 {[%emt 0:00:00]} 6. Bc4 {[%emt
0:00:00]} h6 {[%emt 0:00:00]} 7. d3 {[%emt 0:00:00]} Nf6 {[%emt 0:00:00]} 8. a3
{[%emt 0:00:00]} Bd6 {[%emt 0:00:00]} 9. O-O {[%emt 0:00:00]} O-O {[%emt 0:00:
00]} 10. Qe2 {[%emt 0:00:00]} Qe8 {[%emt 0:00:00]} 11. Nh4 {[%emt 0:00:00]} Be6
{[%emt 0:00:00]} 12. Nhf5 {[%emt 0:00:00]} Bc7 {[%emt 0:00:00]} 13. Bb5 {[%emt
0:00:00]} Bd7 {[%emt 0:00:00]} 14. Nh5 {[%emt 0:00:00]} Nxh5 {[%emt 0:00:00]}
15. Qxh5 {[%emt 0:00:00]} Ne7 {[%emt 0:00:00]} 16. Bxd7 {[%emt 0:00:00]} Qxd7 {
[%emt 0:00:00]} 17. Bd2 {[%emt 0:00:00]} b5 {[%emt 0:00:00]} 18. a4 {[%emt 0:
00:00]} a6 {[%emt 0:00:00]} 19. axb5 {[%emt 0:00:00]} axb5 {[%emt 0:00:00]} 20.
h3 {[%emt 0:00:00]} Rfb8 {[%emt 0:00:00]} 21. Nxg7 {[%emt 0:00:00]} Kxg7 {
[%emt 0:00:00]} 22. Qxh6+ {[%emt 0:00:00]} Kg8 {[%emt 0:00:00]} 23. Bg5 {[%emt
0:00:00]} f5 {[%emt 0:00:00]} 24. Bxe7 {[%emt 0:00:00]} Qxe7 {[%emt 0:00:00]}
25. exf5 {[%emt 0:00:00]} c4 {[%emt 0:00:00]} 26. Qc6 {[%emt 0:00:00]} Rxa1 {
[%emt 0:00:00]} 27. Rxa1 {[%emt 0:00:00]} Qd6 {[%emt 0:00:00]} 28. Qe4 {[%emt
0:00:00]} cxd3 {[%emt 0:00:00]} 29. cxd3 {[%emt 0:00:00]} Kf7 {[%emt 0:00:00]}
30. g4 {[%emt 0:00:00]} Rg8 {[%emt 0:00:00]} 31. Rc1 {[%emt 0:00:00]} Ke8 {
[%emt 0:00:00]} 32. Qa8+ {[%emt 0:00:00]} Kf7 {[%emt 0:00:00]} 33. Qb7 {[%emt
0:00:00]} 1-0

[Event "Otvoreno prvenstvo Paraæina za 2012. god"]
[Site "DCK - Paraæin"]
[Date "2012.01.21"]
[Round "2.8"]
[White "Borkanovic, Jovan"]
[Black "Popovic, Djordje D"]
[Result "0-1"]
[WhiteElo "1860"]
[BlackElo "2260"]
[PlyCount "102"]
[EventDate "2012.01.20"]

1. e4 {[%emt 0:00:00]} c5 {[%emt 0:00:00]} 2. Nf3 {[%emt 0:00:00]} d6 {[%emt 0:
00:00]} 3. g3 {[%emt 0:00:00]} Nc6 {[%emt 0:00:00]} 4. Bg2 {[%emt 0:00:00]} g6
{[%emt 0:00:00]} 5. O-O {[%emt 0:00:00]} Bg7 {[%emt 0:00:00]} 6. d3 {[%emt 0:
00:00]} e5 {[%emt 0:00:00]} 7. c3 {[%emt 0:00:00]} Nge7 {[%emt 0:00:00]} 8.
Nbd2 {[%emt 0:00:00]} O-O {[%emt 0:00:00]} 9. a4 {[%emt 0:00:00]} h6 {[%emt 0:
00:00]} 10. Nc4 {[%emt 0:00:00]} Be6 {[%emt 0:00:00]} 11. Be3 {[%emt 0:00:00]}
b6 {[%emt 0:00:00]} 12. Na3 {[%emt 0:00:00]} d5 {[%emt 0:00:00]} 13. Qc1 {
[%emt 0:00:00]} Kh7 {[%emt 0:00:00]} 14. Qc2 {[%emt 0:00:00]} Rc8 {[%emt 0:00:
00]} 15. Bd2 {[%emt 0:00:00]} f5 {[%emt 0:00:00]} 16. exd5 {[%emt 0:00:00]}
Bxd5 {[%emt 0:00:00]} 17. h3 {[%emt 0:00:00]} Qd7 {[%emt 0:00:00]} 18. Rfe1 {
[%emt 0:00:00]} Rfd8 {[%emt 0:00:00]} 19. Rad1 {[%emt 0:00:00]} Qe6 {[%emt 0:
00:00]} 20. Nc4 {[%emt 0:00:00]} Bxc4 {[%emt 0:00:00]} 21. dxc4 {[%emt 0:00:00]
} Qxc4 {[%emt 0:00:00]} 22. Bf1 {[%emt 0:00:00]} Qf7 {[%emt 0:00:00]} 23. b3 {
[%emt 0:00:00]} e4 {[%emt 0:00:00]} 24. Nh4 {[%emt 0:00:00]} Ne5 {[%emt 0:00:
00]} 25. Be2 {[%emt 0:00:00]} Nd3 {[%emt 0:00:00]} 26. Rf1 {[%emt 0:00:00]} c4
{[%emt 0:00:00]} 27. bxc4 {[%emt 0:00:00]} Qxc4 {[%emt 0:00:00]} 28. Ng2 {
[%emt 0:00:00]} Nd5 {[%emt 0:00:00]} 29. Ne3 {[%emt 0:00:00]} Nxe3 {[%emt 0:00:
00]} 30. fxe3 {[%emt 0:00:00]} Qc7 {[%emt 0:00:00]} 31. Kg2 {[%emt 0:00:00]}
Bxc3 {[%emt 0:00:00]} 32. Bxd3 {[%emt 0:00:00]} Rxd3 {[%emt 0:00:00]} 33. Bc1 {
[%emt 0:00:00]} Rxd1 {[%emt 0:00:00]} 34. Rxd1 {[%emt 0:00:00]} Be5 {[%emt 0:
00:00]} 35. Qd2 {[%emt 0:00:00]} Qc2 {[%emt 0:00:00]} 36. Ba3 {[%emt 0:00:00]}
g5 {[%emt 0:00:00]} 37. Bb4 {[%emt 0:00:00]} Rc4 {[%emt 0:00:00]} 38. Qxc2 {
[%emt 0:00:00]} Rxc2+ {[%emt 0:00:00]} 39. Rd2 {[%emt 0:00:00]} Rxd2+ {[%emt 0:
00:00]} 40. Bxd2 {[%emt 0:00:00]} Kg6 {[%emt 0:00:00]} 41. g4 {[%emt 0:00:00]}
h5 {[%emt 0:00:00]} 42. Bb4 {[%emt 0:00:00]} hxg4 {[%emt 0:00:00]} 43. hxg4 {
[%emt 0:00:00]} fxg4 {[%emt 0:00:00]} 44. Be7 {[%emt 0:00:00]} a6 {[%emt 0:00:
00]} 45. Bb4 {[%emt 0:00:00]} b5 {[%emt 0:00:00]} 46. axb5 {[%emt 0:00:00]}
axb5 {[%emt 0:00:00]} 47. Kf2 {[%emt 0:00:00]} Kf5 {[%emt 0:00:00]} 48. Kg2 {
[%emt 0:00:00]} Ke6 {[%emt 0:00:00]} 49. Kf2 {[%emt 0:00:00]} Bd6 {[%emt 0:00:
00]} 50. Bc3 {[%emt 0:00:00]} b4 {[%emt 0:00:00]} 51. Bb2 {[%emt 0:00:00]} Be5
{[%emt 0:00:00]} 0-1

[Event "Otvoreno prvenstvo Paraæina za 2012. god"]
[Site "DCK - Paraæin"]
[Date "2012.01.21"]
[Round "2.9"]
[White "Radosavljevic, Slobodan D"]
[Black "Ristic, Dejan D"]
[Result "1-0"]
[WhiteElo "2231"]
[BlackElo "1850"]
[PlyCount "39"]
[EventDate "2012.01.20"]

1. c4 {[%emt 0:00:00]} e5 {[%emt 0:00:00]} 2. g3 {[%emt 0:00:00]} Nf6 {[%emt 0:
00:00]} 3. Bg2 {[%emt 0:00:00]} Bc5 {[%emt 0:00:00]} 4. Nc3 {[%emt 0:00:00]} c6
{[%emt 0:00:00]} 5. d3 {[%emt 0:00:00]} d6 {[%emt 0:00:00]} 6. Nf3 {[%emt 0:00:
00]} Bg4 {[%emt 0:00:00]} 7. h3 {[%emt 0:00:00]} Be6 {[%emt 0:00:00]} 8. O-O {
[%emt 0:00:00]} a5 {[%emt 0:00:00]} 9. b3 {[%emt 0:00:00]} Qc8 {[%emt 0:00:00]}
10. Kh2 {[%emt 0:00:00]} h6 {[%emt 0:00:00]} 11. d4 {[%emt 0:00:00]} exd4 {
[%emt 0:00:00]} 12. Nxd4 {[%emt 0:00:00]} O-O {[%emt 0:00:00]} 13. e4 {[%emt 0:
00:00]} Na6 {[%emt 0:00:00]} 14. f4 {[%emt 0:00:00]} Bd7 {[%emt 0:00:00]} 15.
Bb2 {[%emt 0:00:00]} Nc7 {[%emt 0:00:00]} 16. a3 {[%emt 0:00:00]} Rb8 {[%emt 0:
00:00]} 17. Nc2 {[%emt 0:00:00]} Na6 {[%emt 0:00:00]} 18. Qd2 {[%emt 0:00:00]}
Rd8 {[%emt 0:00:00]} 19. Rad1 {[%emt 0:00:00]} Ne8 {[%emt 0:00:00]} 20. Rf3 {
[%emt 0:00:00] unclear} 1-0

[Event "Otvoreno prvenstvo Paraæina za 2012. god"]
[Site "DCK - Paraæin"]
[Date "2012.01.21"]
[Round "2.10"]
[White "Pantic, Radosav"]
[Black "Cvetanovic, Uros"]
[Result "0-1"]
[WhiteElo "1838"]
[BlackElo "2214"]
[PlyCount "64"]
[EventDate "2012.01.20"]

1. d4 {[%emt 0:00:00]} Nf6 {[%emt 0:00:00]} 2. c4 {[%emt 0:00:00]} e6 {[%emt 0:
00:00]} 3. Nc3 {[%emt 0:00:00]} Bb4 {[%emt 0:00:00]} 4. Qc2 {[%emt 0:00:00]} b6
{[%emt 0:00:00]} 5. Nf3 {[%emt 0:00:00]} Bb7 {[%emt 0:00:00]} 6. Bg5 {[%emt 0:
00:00]} h6 {[%emt 0:00:00]} 7. Bh4 {[%emt 0:00:00]} g5 {[%emt 0:00:00]} 8. Bg3
{[%emt 0:00:00]} Ne4 {[%emt 0:00:00]} 9. Nd2 {[%emt 0:00:00]} f5 {[%emt 0:00:
00]} 10. f3 {[%emt 0:00:00]} Nxg3 {[%emt 0:00:00]} 11. hxg3 {[%emt 0:00:00]}
Qf6 {[%emt 0:00:00]} 12. e3 {[%emt 0:00:00]} Bd6 {[%emt 0:00:00]} 13. f4 {
[%emt 0:00:00]} a6 {[%emt 0:00:00]} 14. Nf3 {[%emt 0:00:00]} g4 {[%emt 0:00:00]
} 15. Ne5 {[%emt 0:00:00]} Bb4 {[%emt 0:00:00]} 16. a3 {[%emt 0:00:00]} Bxc3+ {
[%emt 0:00:00]} 17. Qxc3 {[%emt 0:00:00]} d6 {[%emt 0:00:00]} 18. Nd3 {[%emt 0:
00:00]} Nd7 {[%emt 0:00:00]} 19. O-O-O {[%emt 0:00:00]} O-O-O {[%emt 0:00:00]}
20. b4 {[%emt 0:00:00]} Kb8 {[%emt 0:00:00]} 21. Kb2 {[%emt 0:00:00]} c5 {
[%emt 0:00:00]} 22. dxc5 {[%emt 0:00:00]} Qxc3+ {[%emt 0:00:00]} 23. Kxc3 {
[%emt 0:00:00]} dxc5 {[%emt 0:00:00]} 24. Rd2 {[%emt 0:00:00]} Nf6 {[%emt 0:00:
00]} 25. Rb2 {[%emt 0:00:00]} Ne4+ {[%emt 0:00:00]} 26. Kc2 {[%emt 0:00:00]}
Nxg3 {[%emt 0:00:00]} 27. Rg1 {[%emt 0:00:00]} Nxf1 {[%emt 0:00:00]} 28. Rxf1 {
[%emt 0:00:00]} Bxg2 {[%emt 0:00:00]} 29. Rd1 {[%emt 0:00:00]} Be4 {[%emt 0:00:
00]} 30. bxc5 {[%emt 0:00:00]} Rxd3 {[%emt 0:00:00]} 31. Rxb6+ {[%emt 0:00:00]}
Kc7 {[%emt 0:00:00]} 32. Rxd3 {[%emt 0:00:00]} Rd8 {[%emt 0:00:00]} 0-1

[Event "Otvoreno prvenstvo Paraæina za 2012. god"]
[Site "DCK - Paraæin"]
[Date "2012.01.21"]
[Round "2.11"]
[White "Milovanovic, Srboljub"]
[Black "Pavlovic, Slobodan Z"]
[Result "1-0"]
[WhiteElo "2203"]
[BlackElo "1823"]
[PlyCount "53"]
[EventDate "2012.01.20"]

1. d4 {[%emt 0:00:00]} d5 {[%emt 0:00:00]} 2. c4 {[%emt 0:00:00]} dxc4 {[%emt
0:00:00]} 3. Nc3 {[%emt 0:00:00]} Nf6 {[%emt 0:00:00]} 4. e3 {[%emt 0:00:00]}
e6 {[%emt 0:00:00]} 5. Nf3 {[%emt 0:00:00]} c6 {[%emt 0:00:00]} 6. a4 {[%emt 0:
00:00]} Nbd7 {[%emt 0:00:00]} 7. Bxc4 {[%emt 0:00:00]} Nb6 {[%emt 0:00:00]} 8.
Ba2 {[%emt 0:00:00]} Be7 {[%emt 0:00:00]} 9. O-O {[%emt 0:00:00]} Qc7 {[%emt 0:
00:00]} 10. e4 {[%emt 0:00:00]} Ng4 {[%emt 0:00:00]} 11. h3 {[%emt 0:00:00]} h5
{[%emt 0:00:00]} 12. hxg4 {[%emt 0:00:00]} hxg4 {[%emt 0:00:00]} 13. Ne5 {
[%emt 0:00:00]} Nd7 {[%emt 0:00:00]} 14. Qxg4 {[%emt 0:00:00]} Nxe5 {[%emt 0:
00:00]} 15. dxe5 {[%emt 0:00:00]} Bd7 {[%emt 0:00:00]} 16. Bf4 {[%emt 0:00:00]}
O-O-O {[%emt 0:00:00]} 17. g3 {[%emt 0:00:00]} g5 {[%emt 0:00:00]} 18. Be3 {
[%emt 0:00:00]} Kb8 {[%emt 0:00:00]} 19. Kg2 {[%emt 0:00:00]} Rhf8 {[%emt 0:00:
00]} 20. Bxg5 {[%emt 0:00:00]} Bxg5 {[%emt 0:00:00]} 21. Qxg5 {[%emt 0:00:00]}
Rg8 {[%emt 0:00:00]} 22. Qf4 {[%emt 0:00:00]} f6 {[%emt 0:00:00]} 23. Rad1 {
[%emt 0:00:00]} fxe5 {[%emt 0:00:00]} 24. Qe3 {[%emt 0:00:00]} Rdf8 {[%emt 0:
00:00]} 25. Qc5 {[%emt 0:00:00]} Qd8 {[%emt 0:00:00]} 26. Qd6+ {[%emt 0:00:00]}
Ka8 {[%emt 0:00:00]} 27. Qxd7 {[%emt 0:00:00]} 1-0

[Event "Otvoreno prvenstvo Paraæina za 2012. god"]
[Site "DCK - Paraæin"]
[Date "2012.01.21"]
[Round "2.12"]
[White "Velikic, Vule"]
[Black "Stefanovic, Vladimir"]
[Result "0-1"]
[WhiteElo "1828"]
[BlackElo "2187"]
[PlyCount "50"]
[EventDate "2012.01.20"]

1. d4 {[%emt 0:00:00]} Nf6 {[%emt 0:00:00]} 2. Nf3 {[%emt 0:00:00]} g6 {[%emt
0:00:00]} 3. g3 {[%emt 0:00:00]} Bg7 {[%emt 0:00:00]} 4. Bg2 {[%emt 0:00:00]}
O-O {[%emt 0:00:00]} 5. c4 {[%emt 0:00:00]} c5 {[%emt 0:00:00]} 6. O-O {[%emt
0:00:00]} cxd4 {[%emt 0:00:00]} 7. Nxd4 {[%emt 0:00:00]} Nc6 {[%emt 0:00:00]}
8. Nxc6 {[%emt 0:00:00]} bxc6 {[%emt 0:00:00]} 9. Nc3 {[%emt 0:00:00]} Rb8 {
[%emt 0:00:00]} 10. Rb1 {[%emt 0:00:00]} d6 {[%emt 0:00:00]} 11. b3 {[%emt 0:
00:00]} Qa5 {[%emt 0:00:00]} 12. Qc2 {[%emt 0:00:00]} Qh5 {[%emt 0:00:00]} 13.
Ne4 {[%emt 0:00:00]} Nxe4 {[%emt 0:00:00]} 14. Bxe4 {[%emt 0:00:00]} d5 {[%emt
0:00:00]} 15. cxd5 {[%emt 0:00:00]} cxd5 {[%emt 0:00:00]} 16. Bf3 {[%emt 0:00:
00]} Qf5 {[%emt 0:00:00]} 17. Qd3 {[%emt 0:00:00]} Qxd3 {[%emt 0:00:00]} 18.
exd3 {[%emt 0:00:00]} Ba6 {[%emt 0:00:00]} 19. Rd1 {[%emt 0:00:00]} e6 {[%emt
0:00:00]} 20. Bb2 {[%emt 0:00:00]} Rfc8 {[%emt 0:00:00]} 21. Bxg7 {[%emt 0:00:
00]} Kxg7 {[%emt 0:00:00]} 22. Rd2 {[%emt 0:00:00]} Rc3 {[%emt 0:00:00]} 23.
Rbd1 {[%emt 0:00:00]} Bb5 {[%emt 0:00:00]} 24. Be2 {[%emt 0:00:00]} a5 {[%emt
0:00:00]} 25. d4 {[%emt 0:00:00]} Bd7 {[%emt 0:00:00] unclear} 0-1